Gibt es diese deutsche Ultra-Gruppe? (leicht) - Statistiken

Allgemein
  • Dieses Quiz wurde 518 mal gespielt
  • Das Durchschnittsergebnis liegt bei 9 aus 15
Answers on the Grid
Answers color-coded by a green-red scale on the quiz's grid according to % correct below.
Ultras München
Ultras Dynamo
BigBoys Nürnberg
UltrA-Team Bremen
Commando Cannstatt ´97
Wilde Horde Köln 1996
Ultras Gelsenkirchen
Farbenstadt Supporters Leverkusen
Commando Castropf Bochum
Schickeria München
Blue Generation Magdeburg
Yellow Side Lok Leipzig
Suptras Rostock ´01
The Unity
Alpenfront München
Red White Youngsters Augsburg
Viola Merda
Blaufront Magdeburg
Kiezkämpfer St. Pauli
Legio Augusta
Ultras Dortmund
Ultras Nürnberg 1994
Hooltras Dresden
Brutale Anhänger Union
Castaways
Ultras Frankfurt ´97
Desperados Dortmund 1999
ulTraSG Hoffenheim
Harlekins Berlin´98
Green Skins Bremen
 
Antwortstatistiken
Antwort % Korrekt
Ultras Frankfurt ´97
69%
Ultras Gelsenkirchen
68%
Ultras Dynamo
67%
Schickeria München
66%
Commando Cannstatt ´97
65%
The Unity
65%
Wilde Horde Köln 1996
65%
Desperados Dortmund 1999
64%
Castaways
63%
Harlekins Berlin´98
61%
Suptras Rostock ´01
59%
Ultras Nürnberg 1994
59%
Legio Augusta
56%
Blue Generation Magdeburg
49%
UltrA-Team Bremen
32%
Keine übereinstimmenden Quizze gefunden
Verteilung der Resultate
Anzahl Personen mit jedem Resultat
Perzentil nach korrekt beantworteten Fragen
Ihre Resultats-Entwicklung
Sie haben dieses Quiz noch nicht gespielt